Statistieken voor Grenzen deze Landen aan Elkaar?

Klik hier om de quiz te nemen!

Algemene statistieken

  • Deze quiz is 2.492 keer genomen
  • De gemiddelde score is 14 van 16

Antwoordstatistieken

VraagAntwoord% Correct
Mexico - Verenigde StatenJa
99%
Noorwegen - PolenNee
97%
Egypte - KeniaNee
93%
Rusland - ChinaJa
91%
China - Zuid-KoreaNee
91%
Oman - JemenJa
90%
Zuid-Afrika - Republiek CongoNee
90%
Frankrijk - ItaliëJa
85%
Brazilië - VenezuelaJa
85%
Estland - LitouwenNee
84%
Indonesië - Papoea-Nieuw-GuineaJa
82%
Griekenland - AlbaniëJa
79%
Haïti - Dominicaanse RepubliekJa
78%
Panama - GuatemalaNee
73%
Vietnam - MaleisiëNee
73%
Bangladesh - PakistanNee
73%

Scoreverdeling

Percentiel versus Aantal Correcte Antwoorden

Procent van Mensen met Elke Score

Uw Scoregeschiedenis

U heeft deze quiz nog niet genomen